La sirenita de coral / (Registro nro. 7762)
[ vista simple ]
| 000 -LIDER | |
|---|---|
| fixed length control field | 00700nam a2200241 a 4500 |
| 001 - NÚMERO DE CONTROL | |
| Identificador de número de control | 000002292 |
| 003 - IDENTIFICACDOR DE NÚMERO DE CONTROL | |
| control field | DO-SdBNP |
| 005 - DATE AND TIME OF LATEST TRANSACTION | |
| control field | 20240419125548.0 |
| 007 - CAMPOS FIJOS DE DESCRIPCIÓN FÍSICA | |
| fixed length control field | 000002292 |
| 008 - ELEMENTOS DE LONGITUD FIJA | |
| fixed length control field | 090701s2008 dr a 000 0 spa d |
| 020 ## - ISBN | |
| International Standard Book Number | 9789945427462 |
| 040 ## - FUENTE DE CATALOGACIÓN | |
| Agencia que crea de manera original el registro | BPMSU |
| Idioma de catalogación | spa |
| Agencia que realiza la transcripción | BPMSU |
| 082 #4 - NÚMERO DE CLASIFICACIÓN DECIMAL DE DEWEY | |
| Classification number | RD863.5 |
| Item number | G633s 2008 |
| Edition number | 22 |
| 100 1# - ASIENTO PRINCIPAL -- NOMBRE PERSONAL | |
| Nombre personal | Brígida Gómez, Ana, |
| Fechas asociadas con el nombre | 1978- |
| 245 13 - MENCIÓN DE TITULO | |
| Título | La sirenita de coral / |
| Mención de responsabilidad | Ana Brígida Gómez. |
| 260 ## - PUBLICACIÓN, DISTRIBUCIÓN, ETC. (PIE DE IMPRENTA) | |
| Lugar de publicación, distribución, etc | Santo Domingo : |
| Nombre del editor, distribuidor, etc. | Editora Búho, |
| Fecha de publicación, distribución, etc | 2008. |
| 300 ## - DESCRIPCIÓN FÍSICA | |
| Extensión | 131 p. ; |
| Dimensiones | 21 cm. |
| 590 ## - NOTA LOCAL | |
| Texto de la nota local | Inventariado, 2024/VM |
| 650 #4 - ENCABEZAMIENTO DE MATERIA--TEMÁTICO | |
| Término temático o nombre geográfico como elemento de entrada | Cuentos infantiles dominicanos |
| 650 #4 - ENCABEZAMIENTO DE MATERIA--TEMÁTICO | |
| Término temático o nombre geográfico como elemento de entrada | Literatura infantil dominicana |
| 910 ## - VALIDACIÓN | |
| Validación | VMateo V. Control de calidad BPMSU |
| 942 ## - ADDED ENTRY ELEMENTS (KOHA) | |
| Source of classification or shelving scheme | Dewey Decimal Classification |
| Koha item type | Libros |
| Withdrawn status | Lost status | Source of classification or shelving scheme | Damaged status | Not for loan | Collection code | Home library | Current library | Date acquired | Total Checkouts | Full call number | Barcode | Date last seen | Price effective from | Koha item type | Copy number |
|---|---|---|---|---|---|---|---|---|---|---|---|---|---|---|---|
| Dewey Decimal Classification | Colección Dominicana | Biblioteca Pública Metropolitana Salomé Ureña | Biblioteca Pública Metropolitana Salomé Ureña | 04/30/2015 | BPMSU CD RD863.5 G633s 2008 | BPMSU15041492 | 04/30/2015 | 04/30/2015 | Libros | ||||||
| Dewey Decimal Classification | Colección Dominicana | Biblioteca Pública Metropolitana Salomé Ureña | Biblioteca Pública Metropolitana Salomé Ureña | 04/30/2015 | BPMSU CD RD863.5 G633s 2008 | BPMSU15041493 | 04/30/2015 | 04/30/2015 | Libros | e.2 | |||||
| Dewey Decimal Classification | Colección Dominicana | Biblioteca Pública Metropolitana Salomé Ureña | Biblioteca Pública Metropolitana Salomé Ureña | 04/30/2015 | BPMSU CD RD863.5 G633s 2008 | BPMSU15041494 | 04/30/2015 | 04/30/2015 | Libros | e.3 |